Top 50 Biggest Cities in Eastern Europe - Statistics

General Stats
  • This quiz has been taken 1,103 times
  • The average score is 34 of 50
Answer Stats
Country Population Answer % Correct
Turkey 15,214,177 Istanbul
99%
Ukraine 2,797,553 Kiev
99%
Russia 10,381,222 Moscow
99%
Russia 5,028,000 Saint Petersburg
99%
Hungary 1,741,041 Budapest
98%
Belarus 1,742,124 Minsk
98%
Poland 1,702,139 Warsaw
98%
Romania 1,877,155 Bucharest
97%
Czech Republic 1,165,581 Prague
96%
Bulgaria 1,152,556 Sofia
95%
Serbia 1,273,651 Belgrade
94%
Latvia 742,572 Riga
89%
Ukraine 1,430,885 Kharkiv
88%
Poland 755,050 Krakow
88%
Bosnia and Herzegovina 696,731 Sarajevo
88%
Lithuania 542,366 Vilnius
88%
Croatia 698,966 Zagreb
87%
Ukraine 717,803 Lviv
85%
Ukraine 1,001,558 Odessa
85%
Ukraine 1,024,700 Donetsk
83%
Moldova 635,994 Chisinau
82%
Russia 1,284,164 Nizhny Novgorod
75%
Russia 1,011,417 Volgograd
75%
Poland 768,755 Lodz
74%
Ukraine 1,032,822 Dnipro
73%
Russia 1,074,482 Rostov-on-Don
73%
Russia 1,104,738 Kazan
72%
Poland 634,893 Wroclaw
69%
Russia 1,349,772 Yekaterinburg
69%
Russia 1,033,338 Ufa
65%
Russia 1,134,730 Samara
64%
Russia 982,419 Perm
60%
Russia 649,851 Krasnodar
59%
Poland 570,352 Poznan
59%
Russia 1,062,919 Chelyabinsk
50%
Russia 848,752 Voronezh
50%
Belarus 480,951 Gomel
47%
Russia 863,725 Saratov
47%
Ukraine 796,217 Zaporizhia
45%
Russia 702,879 Tolyatti
34%
Ukraine 652,380 Kryvyi Rih
33%
Russia 606,730 Yaroslavl
32%
Russia 502,533 Astrakhan
31%
Ukraine 510,840 Mykolaiv
30%
Russia 550,204 Orenburg
28%
Russia 640,680 Ulyanovsk
24%
Russia 520,173 Ryazan
23%
Russia 631,038 Izhevsk
21%
Russia 515,655 Lipetsk
20%
Russia 512,602 Penza
19%
No matching quizzes found
Score Distribution
Percent of People with Each Score
Percentile by Number Answered
Your Score History
You have not taken this quiz